Australian Rock/Pop Artists- by Song - Statistics

General Stats
  • This quiz has been taken 191 times
  • The average score is 13 of 36
Answer Stats
Song Answer % Correct
Back in Black AC/DC
89%
Locomotion Kylie Minogue
71%
Blue Sky Mine Midnight Oil
61%
Bow River Cold Chisel
56%
Great Southern Land Icehouse
56%
What's My Scene? Hoodoo Gurus
55%
Holy Grail Hunters & Collectors
54%
Don't Change INXS
53%
Am I Ever Gonna See Your Face Again The Angels
53%
Run to Paradise Choirboys
51%
Eagle Rock Daddy Cool
51%
I Touch Myself Divinyls
51%
Dumb Things Paul Kelly
51%
My Happiness Powderfinger
51%
Straight Lines Silverchair
50%
Pressure Down John Farnham
44%
Jive Talkin' Bee Gees
42%
Friday on my Mind Easybeats
41%
Be Good Johnny Men at Work
39%
Sounds of Then (Australia) Gangajang
35%
Georgie Girl Seekers
32%
All Out of Love Air Supply
31%
Beautiful People Australian Crawl
29%
Unguarded Moment The Church
25%
Reminiscing Little River Band
24%
If You Leave Me, Can I Come Too? Mental as Anything
23%
Bound for Glory Rose Tattoo
19%
Alone With You Sunnyboys
16%
Harley & Rose The Black Sorrows
16%
Pash Kate Ceberano
14%
Barbados Models
14%
(I'm) Stranded The Saints
13%
Gimme Head Radiators
12%
50 Years Uncanny X Men
9%
Don't Need Love Diesel
6%
Absolutely Eurogliders
3%
No matching quizzes found
Score Distribution
Percent of People with Each Score
Percentile by Number Answered
Your Score History
You have not taken this quiz